Our energy future (Record no. 103426)

MARC details
000 -LEADER
fixed length control field 01283cam a2200241 4500
001 - CONTROL NUMBER
control field J125519
008 - FIXED-LENGTH DATA ELEMENTS--GENERAL INFORMATION
fixed length control field 111205n2003 000 0 eng u
035 ## - SYSTEM CONTROL NUMBER
System control number (Sirsi) u125519
041 ## - LANGUAGE CODE
Language code of text/sound track or separate title eng
050 ## - LIBRARY OF CONGRESS CALL NUMBER
Classification number 333.790941
-- 21
110 ## - MAIN ENTRY--CORPORATE NAME
Corporate name or jurisdiction name as entry element United Kingdom
Subordinate unit Department of Trade and Industry
245 ## - TITLE STATEMENT
Title Our energy future
Remainder of title creating a low carbon economy
260 ## - PUBLICATION, DISTRIBUTION, ETC.
Place of publication, distribution, etc. London
Name of publisher, distributor, etc. DTI
Date of publication, distribution, etc. 2003
520 ## - SUMMARY, ETC.
Summary, etc. Our energy future: creating a low carbon economy defines a long-term strategic vision for energy policy combining our environmental, security of supply, competitiveness and social goals. It builds on the Performance and Innovation Unit's "Energy review", published in February 2002, and on other reports which have looked at major areas of energy policy. The implementation of the White Paper is being taken forward via the Sustainable Energy Policy Network (SEPN). View the White Paper at www.dti.gov.uk.
650 ## - SUBJECT ADDED ENTRY--TOPICAL TERM
Topical term or geographic name entry element LOW-CARBON ECONOMY
650 ## - SUBJECT ADDED ENTRY--TOPICAL TERM
Topical term or geographic name entry element Sustainability
9 (RLIN) 6271
650 ## - SUBJECT ADDED ENTRY--TOPICAL TERM
Topical term or geographic name entry element RENEWABLE ENERGY
650 ## - SUBJECT ADDED ENTRY--TOPICAL TERM
Topical term or geographic name entry element GREENHOUSE GASES
650 ## - SUBJECT ADDED ENTRY--TOPICAL TERM
Topical term or geographic name entry element ENERGY POLICY
690 ## - LOCAL SUBJECT ADDED ENTRY--TOPICAL TERM (OCLC, RLIN)
Topical term or geographic name as entry element ENVIRONMENTAL AND LAND CONSULTANCY-ENERGY
856 ## - ELECTRONIC LOCATION AND ACCESS
Uniform Resource Identifier <a href="https://www.dti.gov.uk/energy/policy-strategy/energy-white-paper/page21223.html">https://www.dti.gov.uk/energy/policy-strategy/energy-white-paper/page21223.html</a>
Public note View the White Paper at the DTI website...
942 ## - ADDED ENTRY ELEMENTS (KOHA)
Suppress in OPAC 0
Holdings
Withdrawn status Lost status Source of classification or shelving scheme Damaged status Not for loan Home library Current library Shelving location Date acquired Total Checkouts Full call number Barcode Date last seen Copy number Price effective from Koha item type
    Dewey Decimal Classification     Virtual Virtual Online 22/03/2004   ONLINE PUBLICATION 125519-2001 06/08/2019 1 06/08/2019 Book